| 000 | 00468nam a2200193Ia 4500 | ||
|---|---|---|---|
| 008 | 210210b1919 xxu||||| |||| 00| 0 eng d | ||
| 041 | _aeng | ||
| 082 | _a541.395 MAXC | ||
| 100 | _aMAXTED (Edward B) | ||
| 245 | _aCatalytic hydrogenation and reduction | ||
| 260 |
_aLondon _bJ & A Churchill _c1919 |
||
| 300 | _aviii,104 | ||
| 650 | _areduction | ||
| 650 | _ahydrogenation | ||
| 650 | _aCatalytic | ||
| 650 | _aand | ||
| 690 | _aChemistry | ||
| 906 | _a009769 | ||
| 999 |
_c140564 _d140564 |
||